| 000 | 00505nam a2200181 i 4500 | ||
|---|---|---|---|
| 001 | 24046 | ||
| 003 | ES-MaACL | ||
| 005 | 20251125063447.0 | ||
| 007 | t| | ||
| 008 | 021213s1969 sp ||||1| spa d | ||
| 100 | 1 |
_aAndreev, Leonid Nikolaevich, _d1871-1919 _9242530 |
|
| 245 | 1 | 0 |
_aCuentos escogidos / _cLeonid Andreev. |
| 250 | _a[1ยช ed.]. | ||
| 260 |
_aMadrid : _bPerez del hoyo, _c1969. |
||
| 300 |
_a189 p. ; _c19 cm. |
||
| 852 |
_aES-MaACL _jC-40620 _bR.71714 |
||
| 999 |
_c24046 _d24046 |
||